| Tag |
First Indicator |
Second Indicator |
Subfields |
| LEADER |
00000cas a2200000 a 4500 |
| 001 |
in00000768511 |
| 005 |
20151017052921.0 |
| 008 |
871022d19861989vauar |||| 1uuu 0eng d |
| 035 |
|
|
|a (OCoLC)16885750
|
| 035 |
|
|
|9 ADL2343AM
|
| 040 |
|
|
|a OLA
|c OLA
|d IUL
|d TXA
|d UtOrBLW
|
| 049 |
|
|
|a TXAE
|
| 050 |
|
4 |
|a TA593
|b .A643
|
| 111 |
2 |
|
|a ACSM-ASPRS Fall Convention.
|
| 245 |
1 |
0 |
|a ASPRS technical papers.
|
| 264 |
|
1 |
|a Falls Church, Va. :
|b American Society for Photogrammetry and Remote Sensing,
|c ©1986-©1989.
|
| 300 |
|
|
|a volumes :
|b illustrations ;
|c 23 cm.
|
| 310 |
|
|
|a Annual
|
| 336 |
|
|
|a text
|b txt
|2 rdacontent
|
| 337 |
|
|
|a unmediated
|b n
|2 rdamedia
|
| 338 |
|
|
|a volume
|b nc
|2 rdacarrier
|
| 362 |
0 |
|
|a 1986-1989.
|
| 580 |
|
|
|a Continues in part: Technical papers/ ACSM-ASPRS Fall Convention.
|
| 550 |
|
|
|a Order of initialisms in conference name reverses each year e.g. 1988= ACSM-ASPRS Fall Convention ; 1989=ASPRS-ACSM Fall Convention.
|
| 650 |
|
0 |
|a Photogrammetry
|v Congresses.
|
| 650 |
|
0 |
|a Remote sensing
|v Congresses.
|
| 710 |
2 |
|
|a American Society for Photogrammetry and Remote Sensing.
|
| 710 |
2 |
|
|a American Congress on Surveying and Mapping.
|
| 711 |
2 |
|
|a ACSM-ASPRS Fall Convention.
|
| 780 |
1 |
1 |
|t Technical papers/ ACSM-ASPRS Fall Convention. (OCoLC)13035332
|
| 785 |
1 |
7 |
|a ACSM-ASPRS Fall Convention.
|t ACSM technical papers
|w (DLC)sn 87027194
|w (OCoLC)15243612
|
| 785 |
1 |
7 |
|a ACSM-ASPRS Fall Convention
|s Technical papers (1990)
|w (DLC)sn 91028052
|w (OCoLC)23025846
|
| 948 |
|
|
|a T1b
|
| 999 |
|
|
|a MARS
|
| 999 |
f |
f |
|s 096f1ffd-4791-3381-8685-2fdc3d9ca58e
|i 4b712ffc-f8e8-3407-b59e-fb8cb7ca3502
|t 0
|
| 952 |
f |
f |
|p ric
|a Texas A&M University
|b Rellis Campus
|c Joint Library Facility
|d Remote Storage
|t 0
|e TA593 .A643
|h Library of Congress classification
|i unmediated -- volume
|k 1987
|m A14811287890
|
| 952 |
f |
f |
|p ric
|a Texas A&M University
|b Rellis Campus
|c Joint Library Facility
|d Remote Storage
|t 0
|e TA593 .A643
|h Library of Congress classification
|i unmediated -- volume
|k 1989
|m A14814711440
|
| 952 |
f |
f |
|p ric
|a Texas A&M University
|b Rellis Campus
|c Joint Library Facility
|d Remote Storage
|t 0
|e TA593 .A643
|h Library of Congress classification
|i unmediated -- volume
|k 1986
|m A14811287947
|
| 952 |
f |
f |
|p ric
|a Texas A&M University
|b Rellis Campus
|c Joint Library Facility
|d Remote Storage
|t 0
|e TA593 .A643
|h Library of Congress classification
|i unmediated -- volume
|k 1988
|m A14814711393
|
| 998 |
f |
f |
|a TA593 .A643
|s 1986-1987
|t 0
|l Remote Storage
|